Les 50 personnages les plus puissants de One Piece - Statistiques

Statistiques générales
  • Ce quiz a été pris 240 fois
    38 depuis la dernière actualisation
  • Le résultat moyen est 39 sur 50
Statistiques - réponses
Rôle Classement Personnage % Correct
Pirate Monkey D Luffy
100%
Pirate Barbe Noire
96%
Pirate Gol D Roger
96%
Marine Monkey D Garp
96%
Pirate Sanji
96%
Pirate Zoro
96%
Marine Akainu
92%
Pirate Barbe Blanche
92%
Pirate Big Mom
92%
Roi du Monde Imu
92%
Pirate Kaido
92%
Marine Kizaru
92%
Révolutionnaire Hypothétique Monkey D Dragon
92%
Révolutionnaire Sabo
92%
Pirate Kozuki Oden
88%
Marine puis Pirate Aokiji
85%
Pirate King
85%
Géant Loki
85%
Doyen Hypothétique Saturn
85%
Pirate Joy Boy
81%
Pirate Katakuri
81%
Pirate Marco
81%
Pirate Hypothétique Mihawk
81%
Pirate Queen
81%
Pirate Rocks D Xebec
81%
Marine Hypothétique Sengoku
81%
Pirate Shanks
81%
Pirate Trafalgar D Water Law
81%
Marine Fujitora
77%
Pirate Kid
77%
Doyen Hypothétique Marcus Mars
77%
Samouraï Ryuma
77%
Pirate Silvers Rayleigh
77%
Géant Harald
73%
Éléphant Hypothétique Zunesha
73%
Doyen Hypothétique Garling
69%
Marine Hypothétique Kong
69%
Pirate Scooper Gaban
69%
Marine Ryokugyu
65%
Chevalier Divin Hypothétique Shamrock
65%
Pirate Ben Beckman
62%
Doyen Hypothétique Nusjuro
62%
Pirate Shiki
58%
Doyen Hypothétique Topman Warcury
58%
Robot Emeth
54%
Doyen Hypothétique Jupeter
54%
Pirate Shiliew
46%
Pirate Yamato
46%
Inconnu Davy D Jones
42%
Gouvernement Mondial Magellan
38%
Aucun quiz correspondant
Distribution des résultats
% des personnes avec chaque résultat
Percentile par nombre de réponses
Votre historique - résultats
Vous n’avez pas pris ce quiz depuis la dernière actualisation